[Event "Bad Woerishofen op"]
[Site "Bad Woerishofen"]
[Date "2001.??.??"]
[Round "5"]
[White "Kalinitschev, Sergej"]
[Black "Schwalfenberg, Joerg"]
[Result "1/2-1/2"]
[WhiteElo "2495"]
[BlackElo "2357"]
[Annotator "ChessOrg"]
[PlyCount "87"]
[EventDate "1998.03.05"]
[Source "ChessBase"]
[SourceDate "1998.04.29"]

1. c4 {B14: Caro-Kann (Panow-Angriff)} 1... Nf6 2. Nc3 c6 3. e4 d5 4. exd5 cxd5
5. d4 e6 6. Nf3 Be7 7. cxd5 exd5 8. Bb5+ Nc6 9. Ne5 Bd7 10. O-O O-O 11. Bxc6 {
letzter Buchzug} 11... Bxc6 12. Nxc6 bxc6 13. Bg5 h6 14. Bh4 Rb8 15. b3 Re8 16.
Rc1 Ba3 17. Rc2 Re6 18. Re1 Qd7 19. Rxe6 Qxe6 20. f3 Nh5 21. Re2 Qg6 22. Qc2 (
22. Be7 $5 $142 22... Bxe7 23. Rxe7 $11) 22... Nf4 $17 23. Rd2 Bb4 24. Bg3 Bxc3
25. Bxf4 Bxd2 26. Qxg6 fxg6 27. Bxb8 Be3+ 28. Kf1 Bxd4 29. Ke2 a6 30. Kd3 Bf6
31. g4 Kf7 32. Ba7 Ke6 33. h3 Be5 34. Bc5 Bd6 35. Bd4 Bf8 36. Bb2 (36. f4 36...
Bd6 $15) 36... c5 37. Ba1 (37. f4 g5 38. f5+ 38... Kf7 $17) 37... Kf7 38. Be5
Ke6 (38... g5 39. f4 $17) 39. Ba1 g5 40. Bb2 g6 41. Ba1 Be7 42. Bg7 h5 43. Bc3
Bd8 44. a4 1/2-1/2

[Event "Bad Woerishofen op"]
[Site "Bad Woerishofen"]
[Date "2001.??.??"]
[Round "7"]
[White "Kalinitschev, Sergej"]
[Black "Hartoch, Robert"]
[Result "1/2-1/2"]
[WhiteElo "2495"]
[BlackElo "2319"]
[Annotator "ChessOrg"]
[PlyCount "138"]
[EventDate "1998.03.05"]
[Source "ChessBase"]
[SourceDate "1998.04.29"]

1. d4 {B06: Moderne Verteidigung} 1... g6 2. e4 Bg7 3. Nc3 c6 4. h3 d6 5. f4 {
letzter Buchzug} 5... e5 6. dxe5 Qh4+ (6... dxe5 $143 7. Qxd8+ Kxd8 8. Nf3 $16)
7. Ke2 dxe5 8. Nf3 Qe7 (8... Bg4 9. g3 Bxf3+ 10. Kxf3 $11) 9. fxe5 Bxe5 10.
Nxe5 Qxe5 11. Be3 Nf6 12. Qd4 Nbd7 13. Qxe5+ Nxe5 14. Bd4 Nfd7 15. Kf2 Ke7 16.
a4 f6 17. a5 Nf8 18. Bc5+ Kf7 19. Be2 Be6 20. b3 Nfd7 21. Be3 b5 22. a6 (22.
Rad1 22... Rhd8 $11) 22... Rhd8 (22... Kg7 23. Rhf1 $11) 23. Rhd1 Nb6 24. Na2
Rxd1 25. Rxd1 Nbd7 26. Nb4 Ke7 27. Ke1 Bf7 28. Rd2 Kd8 (28... h5 29. Nd3 $14)
29. Bg4 $16 29... Kc7 30. Bf4 (30. Bxd7 Nxd7 31. Bf4+ 31... Ne5 $16) 30... Be8
(30... Nc5 31. Bf3 $11) 31. Be6 (31. Bxd7 $5 31... Bxd7 32. Bh2 $14) 31... Nc5
$11 32. Bg8 h5 33. Nd3 Ncxd3+ 34. cxd3 Kb6 (34... g5 $5 35. Bh2 35... Bg6 $11)
35. d4 $14 35... Bf7 36. dxe5 (36. Bxe5 $143 36... Bxg8 37. Bxf6 37... Bxb3 $15
) 36... Bxg8 37. b4 (37. exf6 $5 37... Bxb3 38. Rd7 $14) 37... fxe5 $11 38.
Be3+ Kxa6 39. Rd7 Bc4 40. h4 Be6 41. Rc7 Bc8 42. Bc5 Bg4 43. Kf2 Bc8 44. Ke3
Bg4 45. Rg7 Bd1 46. Rxg6 Kb7 47. Rg7+ Kc8 48. Bxa7 Bg4 49. Re7 Bd7 (49... Kd8
50. Bc5 $14) 50. Bc5 Ra3+ 51. Kf2 Ra2+ 52. Kg3 Re2 53. Rxe5 Bg4 54. Re7 Kd8 55.
e5 Re4 56. Bd6 Bf5 57. Ra7 Be6 58. Rh7 Bg4 59. Kf2 Re2+ 60. Kf1 Re4 61. Rg7 Ke8
62. Rc7 Bd7 63. g3 Kd8 64. Kf2 Bg4 65. Rxc6 Re2+ 66. Kf1 Kd7 67. Rc5 Rb2 68.
Ke1 $4 (68. Rc7+ $5 68... Ke6 69. Re7+ Kd5 70. Ra7 $18) 68... Rxb4 (68... Re2+
69. Kf1 Rb2 70. Rc7+ 70... Ke6 $18) 69. Rc7+ $16 69... Kd8 1/2-1/2

[Event "Bad Woerishofen op"]
[Site "Bad Woerishofen"]
[Date "2001.??.??"]
[Round "9"]
[White "Kalinitschev, Sergej"]
[Black "Naumkin, Igor"]
[Result "1-0"]
[WhiteElo "2495"]
[BlackElo "2446"]
[Annotator "ChessOrg"]
[PlyCount "67"]
[EventDate "1998.03.05"]
[Source "ChessBase"]
[SourceDate "1998.04.29"]

1. d4 {A96: Hollaendische Verteidigung (Hauptvariante)} 1... e6 2. c4 f5 3. g3
Nf6 4. Bg2 Be7 5. Nc3 O-O 6. Nf3 d6 7. O-O a5 8. Qc2 {letzter Buchzug} 8... Nc6
9. b3 e5 10. dxe5 dxe5 11. Rd1 Qe8 12. Nd5 Bd8 13. Ba3 e4 14. Nd4 Nxd4 15. Rxd4
Rf7 16. Rad1 Nxd5 17. cxd5 Bd7 18. f3 (18. d6 18... Be6 $11) 18... exf3 19.
exf3 Qe5 (19... a4 $5 $142 20. Bb4 axb3 21. axb3 21... Rf6 $11) 20. f4 Qf6 21.
R4d2 (21. d6 21... c6 $16) 21... Rc8 $14 22. Bb2 Qb6+ 23. Bd4 Qd6 24. Qc3 b6
25. Be5 Qh6 26. Bf1 (26. Qd4 26... Qg6 $16) 26... Be7 $11 27. Qc2 Bd6 28. Re1
Re8 29. Rde2 Bb5 (29... Bc5+ $5 $142 30. Kg2 30... c6 $11) 30. Bxd6 $16 30...
Rxe2 $2 (30... Bxe2 $5 $142 31. Ba3 31... Bb5 $16) 31. Bxe2 $18 31... Bxe2 32.
Ba3 (32. Bxc7 $5 32... Bb5 $18) 32... Bb5 33. Qc4 $4 (33. Be7 $142 33... c5 34.
Qb2 $18) 33... Bd7 $4 (33... Re7 $1 $142 34. Qc1 Rxe1+ 35. Qxe1 35... Qh5 $14)
34. Qxc7 (34. Qxc7 Qf6 35. Qb8+ Rf8 36. Qxf8+ (36. Bxf8 $6 36... Qd4+ 37. Kg2
Qd2+ 38. Kh3 38... Qxe1 $18) 36... Qxf8 37. Bxf8 Kxf8 38. d6 $18) 1-0

[Event "Bad Woerishofen op"]
[Site "?"]
[Date "2001.??.??"]
[Round "1"]
[White "Kaufmann, Guenther"]
[Black "Schnur, Gerhard"]
[Result "0-1"]
[WhiteElo "1643"]
[BlackElo "2144"]
[Annotator "ChessOrg"]
[PlyCount "78"]
[EventDate "2000.??.??"]

1. e4 {C19: Franzoesische Verteidigung (Nimzowitsch-Variante)} 1... e6 2. d4 d5
3. Nc3 Bb4 4. e5 c5 5. a3 Bxc3+ 6. bxc3 Ne7 7. a4 Nbc6 8. Nf3 Bd7 9. Bd3 9...
Qa5 {letzter Buchzug} 10. Bd2 f6 (10... c4 11. Be2 $15) 11. exf6 gxf6 12. c4
Qc7 13. cxd5 Nxd5 14. c3 (14. dxc5 14... Ncb4 $14) 14... O-O-O 15. O-O Rhg8 16.
Re1 Nf4 (16... e5 17. dxc5 Bg4 18. Kh1 $11) 17. Bxf4 Qxf4 18. dxc5 Qg4 19. Bf1
e5 (19... Qh5 20. Rb1 e5 21. Nd2 Qxd1 22. Rbxd1 $14) 20. Re3 (20. Nd2 Qxd1 21.
Rexd1 21... Bg4 $16) 20... Be6 21. Qc2 Bc4 (21... Bf5 22. Qb3 $14) 22. Ne1 Bxf1
23. Kxf1 Qc4+ 24. Kg1 Rg6 25. Rh3 e4 26. Rxh7 (26. Rh4 f5 27. Rd1 h6 28. Rxd8+
28... Nxd8 $11) 26... Qg8 (26... Nd4 $142 27. Qb2 Ne2+ 28. Kh1 28... Rg7 $15)
27. Rh4 f5 28. g3 Rd7 29. Rb1 Qd8 30. Rf4 (30. Rh5 30... Qf6 $16) 30... Qg5 31.
Ng2 Ne5 32. h4 Qh5 33. Re1 $4 (33. Ne3 $142 33... Nf3+ 34. Kh1 $18) 33... Nf3+
$15 34. Rxf3 Qxf3 (34... exf3 $2 35. Nf4 Qh7 36. Nxg6 Qxg6 37. Re5 $18) 35. Ne3
$2 (35. Re3 $142 35... Qg4 36. Re1 $17) 35... f4 $19 36. Nf1 $4 (36. Qe2 Qxe2
37. Rxe2 fxe3 38. Rxe3 $19) 36... fxg3 37. fxg3 37... Rxg3+ $1 38. Nxg3 Qxg3+
39. Qg2 Qxe1+ (39... Qxe1+ 40. Kh2 40... Rd2 $19) 0-1

[Event "Bad Woerishofen op"]
[Site "Bad Woerishofen"]
[Date "2001.??.??"]
[Round "3"]
[White "Kaufmann, Guenther"]
[Black "Forster, Manfred"]
[Result "1-0"]
[WhiteElo "1643"]
[BlackElo "1900"]
[Annotator "ChessOrg"]
[PlyCount "43"]
[EventDate "1998.03.05"]
[Source "ChessBase"]
[SourceDate "1998.04.29"]

1. e4 {B08: Pirc-Ufimzew-Verteidigung} 1... d6 2. d4 g6 3. Nf3 Nf6 4. Nc3 Nbd7
5. Bc4 {letzter Buchzug} 5... b6 $2 (5... Nb6 $142 6. Bb3 6... Bg7 $11) 6. Ng5
(6. Bxf7+ Kxf7 7. Ng5+ 7... Kg8 $18) 6... e6 (6... d5 7. Nxd5 e6 8. Nxf6+ Qxf6
9. e5 $18) 7. Bxe6 $1 7... Qe7 $4 (7... fxe6 8. Nxe6) 8. Bxf7+ Qxf7 9. Nxf7
Kxf7 10. O-O (10. Qe2 10... Kg7 $18) 10... Bg7 (10... Bb7 11. f3 $18) 11. f4
Ba6 12. Rf2 (12. Re1 12... Rhe8 $18) 12... h5 (12... Rad8 13. Bd2 h5 14. e5 $18
) 13. h3 h4 (13... Rad8 14. Bd2 Ng4 15. hxg4 Bxd4 16. Be1 Bxf2+ 17. Bxf2 $18)
14. e5 Nh5 15. f5 dxe5 16. fxg6+ Ke6 (16... Ke8 17. Qf3 c6 18. Qxc6 $18) 17.
d5+ (17. Qf3 $5 $142 17... Bc4 18. Qf7+ Kd6 19. Ne4+ Kc6 20. Qxc4+ Kb7 21. Qd5+
Kb8 22. Qxd7 22... a5 $18) 17... Ke7 18. Rf7+ Kd8 (18... Ke8 19. d6 Bc4 20. Qf3
$18) 19. Qg4 Nhf6 20. Bg5 Bc8 21. Rxg7 Ke8 22. Qe6+ (22. Qe6+ Kd8 23. Qe7#) 1-0

[Event "Bad Woerishofen op"]
[Site "Bad Woerishofen"]
[Date "2001.??.??"]
[Round "5"]
[White "Kaufmann, Guenther"]
[Black "Carl, Werner"]
[Result "0-1"]
[WhiteElo "1643"]
[BlackElo "1896"]
[Annotator "ChessOrg"]
[PlyCount "78"]
[EventDate "1998.03.05"]
[Source "ChessBase"]
[SourceDate "1998.04.29"]

1. e4 {A40: Verschiedene (seltene) Antworten auf 1.d4} 1... g6 2. d4 Bg7 3. c4
c5 4. Nf3 cxd4 5. Nxd4 Qa5+ 6. Nc3 Nc6 7. Be3 Nf6 8. Nb3 Qd8 9. Be2 9... d6 {
letzter Buchzug} 10. f4 O-O 11. O-O a6 12. Bf3 Na5 13. Nxa5 Qxa5 14. Qb3 Qd8
15. Rad1 b5 16. e5 Ng4 17. Bd4 Rb8 (17... bxc4 $5 $142 18. Qxc4 18... Rb8 $14)
18. cxb5 $18 18... Be6 19. Qb4 axb5 20. Ba7 Rc8 21. Nxb5 Rc4 22. Qa3 Rxf4 23.
exd6 exd6 24. h3 (24. g3 $5 24... Rxf3 25. Rxf3 $16) 24... Ne5 $14 25. Rxd6 Qf6
(25... Qh4 26. Be2 Nc4 27. Qb4 $11) 26. Bd4 Qh4 (26... Rb8 27. Bxe5 27... Qxe5
$11) 27. Bxe5 (27. Be2 $5 $16 $142) 27... Bxe5 $11 28. Rd2 Qg3 29. Be2 Rxf1+
30. Bxf1 (30. Kxf1 Qf4+ 31. Ke1 31... Qh2 $11) 30... Qh2+ 31. Kf2 Qf4+ 32. Ke1
Rc8 33. Nc3 (33. b4 $15 $142) 33... Qe3+ $19 34. Kd1 Bf4 (34... Bxc3 $6 35.
bxc3 Rb8 36. Qc1 $15) 35. Nb1 Qg1 36. Qd3 $4 (36. Qf3 $142 36... Bxd2 37. Nxd2
$19) 36... Bf5 (36... Bc4 $142 37. Qd8+ Rxd8 38. Rxd8+ 38... Kg7 $19) 37. Qa6
Qe3 38. a4 (38. Qxc8+ Bxc8 39. Rd8+ Kg7 40. Rxc8 Qd4+ 41. Kc2 Qa4+ 42. Kd3 Qd7+
43. Kc2 Qxc8+ 44. Nc3 $19) 38... Re8 (38... Rc1+ $1 39. Kxc1 Qe1#) 39. Be2 (39.
Bd3 Rd8 40. Kc2 Bxd3+ 41. Qxd3 Rxd3 42. Rxd3 Qc1+ 43. Kb3 Qxb1 44. Rd4 $19)
39... Bxb1 (39... Bxb1 40. Rc2 Rd8+ 41. Bd3 Qg1+ 42. Ke2 Qxg2+ 43. Ke1 Bg3+ 44.
Rf2 Qxf2+ 45. Kd1 Qe1#) 0-1

[Event "Bad Woerishofen op"]
[Site "Bad Woerishofen"]
[Date "2001.??.??"]
[Round "7"]
[White "Kaufmann, Guenther"]
[Black "Reichwald, Klaus-Dieter"]
[Result "1/2-1/2"]
[WhiteElo "1643"]
[BlackElo "2018"]
[Annotator "ChessOrg"]
[PlyCount "48"]
[EventDate "1998.03.05"]
[Source "ChessBase"]
[SourceDate "1998.04.29"]

1. e4 {B08: Pirc-Ufimzew-Verteidigung} 1... d6 2. d4 Nf6 3. Nc3 g6 4. Bc4 Bg7
5. Nf3 O-O 6. O-O c6 7. Bb3 7... Nbd7 {letzter Buchzug} 8. e5 dxe5 9. dxe5 Nd5
10. Nxd5 (10. Bxd5 cxd5 11. Qxd5 11... Qc7 $16) 10... cxd5 $11 11. Qxd5 Nxe5
12. c3 (12. Qxe5 Bxe5) 12... Qxd5 $15 13. Bxd5 e6 14. Be4 f5 15. Nxe5 fxe4 16.
Nc4 Bd7 17. Nd6 Bc6 18. Bg5 Be5 19. Be7 Bxd6 20. Bxd6 Rfd8 21. Rfd1 Rd7 22. Rd4
Rad8 23. Be5 Rxd4 24. Bxd4 a6 1/2-1/2

[Event "Bad Woerishofen op"]
[Site "Bad Woerishofen"]
[Date "2001.??.??"]
[Round "9"]
[White "Kaufmann, Guenther"]
[Black "Tsikerdanos, Kostas"]
[Result "1/2-1/2"]
[WhiteElo "1643"]
[BlackElo "2000"]
[Annotator "ChessOrg"]
[PlyCount "88"]
[EventDate "1998.03.05"]
[Source "ChessBase"]
[SourceDate "1998.04.29"]

1. e4 {B03: Aljechin-Verteidigung (Vierbauernvariante)} 1... Nf6 2. e5 Nd5 3.
d4 d6 4. c4 Nb6 5. exd6 exd6 6. Nf3 Be7 7. h3 7... Bf5 {letzter Buchzug} 8. Bd3
Bxd3 9. Qxd3 O-O 10. O-O d5 11. c5 Nc8 12. b4 a6 13. Nc3 Nc6 14. a3 Bf6 15. Re1
N8e7 16. Bg5 Bxg5 17. Nxg5 Ng6 18. Nf3 Qd7 19. Rab1 Nf4 20. Qd2 Qf5 21. Ne2 (
21. Qe3 $5 $14 $142) 21... Nxh3+ $1 $17 22. gxh3 (22. Kf1 22... f6 $11) 22...
Qxf3 23. Ng3 Rae8 24. a4 Re6 25. Rxe6 fxe6 26. b5 axb5 27. axb5 Ne7 28. Qe1 (
28. Qe2 Qf6 29. Re1 29... Kh8 $19 (29... Qxd4 $6 30. Qxe6+ Rf7 31. Qxf7+ Kxf7
32. Rxe7+ Kf6 33. Rxc7 $15)) 28... Ng6 $19 29. Qxe6+ Kh8 30. Qe2 Qf6 31. Qe3
Nf4 32. Kh2 Qh4 (32... Ne6 $5 $19 $142) 33. Nh1 $15 33... Qf6 (33... Qg5 $142
34. Ng3 34... Qf6 $15) 34. Ng3 (34. b6 34... c6 $11) 34... h5 (34... Ne6 35. b6
c6 36. Rd1 $19) 35. Rf1 (35. b6 35... c6 $15) 35... b6 (35... h4 $5 $17) 36. c6
Qh4 37. Ne2 Nxe2 38. Qxe2 Qf4+ (38... Rf4 $5 $17) 39. Kg2 $11 39... Rf6 (39...
Rf5 $5 $11 $142) 40. Qxh5+ $16 40... Rh6 41. Qg4 Qf7 42. Qc8+ (42. Kh2 $5 $14
$142) 42... Kh7 $15 43. f4 (43. Rg1 $5 $142 43... Qf4 44. Kh1 Qf3+ 45. Kh2
Qxf2+ 46. Rg2 Qf4+ 47. Kh1 $17) 43... Rg6+ $19 44. Kh2 Qe7 1/2-1/2

[Event "Bad Woerishofen op"]
[Site "Bad Woerishofen"]
[Date "2001.??.??"]
[Round "2"]
[White "Kayser, Wilhelm"]
[Black "Eschle, Hubert"]
[Result "0-1"]
[WhiteElo "1469"]
[BlackElo "1875"]
[Annotator "ChessOrg"]
[PlyCount "52"]
[EventDate "1998.03.05"]
[Source "ChessBase"]
[SourceDate "1998.04.29"]

1. e4 {B06: Moderne Verteidigung} 1... g6 2. d4 Bg7 3. e5 {letzter Buchzug}
3... c5 4. c3 cxd4 5. cxd4 (5. Qxd4 $143 5... Nc6 6. Qd5 6... e6 $17) 5... d6
6. f4 Nh6 7. Bd3 O-O 8. Nf3 Nc6 9. O-O Qb6 10. Be4 Rd8 (10... Bg4 11. Nc3 $15)
11. Bxc6 (11. Nc3 dxe5 12. fxe5 Nxe5 13. Bxh6 13... Bxh6 $15) 11... bxc6 $15
12. b3 (12. Na3 $5 $15) 12... dxe5 $17 13. fxe5 Nf5 (13... Ng4 14. Re1 Nxe5 15.
Be3 $19) 14. Bb2 (14. Nc3 $5 14... Bxe5 $1 15. Nxe5 Rxd4 16. Be3 Rxd1 17. Bxb6
Rxa1 18. Rxa1 axb6 19. Rd1 $17) 14... Ne3 $19 15. Qc1 Nxf1 16. Kxf1 Ba6+ 17.
Ke1 Qb5 18. Kf2 Qe2+ 19. Kg3 Rac8 (19... c5 $5 $142 20. Nc3 20... Qd3 $19) 20.
Nc3 $17 20... Qd3 21. Na4 Qf5 22. Nc5 (22. Qe3 22... Qc2 $19) 22... Be2 23. Qe3
Bxf3 24. Qxf3 Qg5+ 25. Qg4 (25. Kh3 $142 25... Qd2 26. Bc3 Qh6+ 27. Kg3 $19)
25... Qe3+ 26. Kh4 (26. Qf3 26... Bxe5+ $1 27. dxe5 Qxc5 28. Rf1 $19) 26...
Qf2+ (26... Qf2+ 27. Kh3 27... Qxb2 $19) 0-1

[Event "Bad Woerishofen op"]
[Site "Bad Woerishofen"]
[Date "2001.??.??"]
[Round "4"]
[White "Kayser, Wilhelm"]
[Black "Schwabe, Manfred"]
[Result "1-0"]
[WhiteElo "1469"]
[BlackElo "1675"]
[Annotator "ChessOrg"]
[PlyCount "55"]
[EventDate "1998.03.05"]
[Source "ChessBase"]
[SourceDate "1998.04.29"]

1. e4 {C01: Franzoesische Verteidigung (Abtauschvariante)} 1... e6 2. d4 d5 3.
exd5 exd5 4. Nf3 Bd6 5. Bd3 Ne7 6. O-O O-O 7. Re1 {letzter Buchzug} 7... Bg4 $2
(7... Bf5 8. Nc3 Bxd3 9. Qxd3 $11) 8. Nbd2 (8. Bxh7+ Kh8 9. Bd3 9... Nd7 $18)
8... c6 (8... Bf5 9. Bxf5 Nxf5 10. c4 $14) 9. c3 (9. Bxh7+ $5 9... Kh8 10. Bd3
$16) 9... Qc7 (9... Bf5 10. Bxf5 Nxf5 11. Qb3 $11) 10. Qc2 Ng6 11. h3 Bd7 12.
h4 (12. c4 12... Re8 $14) 12... f5 (12... Bg4 $5 $11) 13. c4 dxc4 (13... Bc8
14. Nb3 $14) 14. Nxc4 $16 14... Bf4 (14... Kh8 15. Nxd6 Qxd6 16. Qc5 Qxc5 17.
dxc5 $16) 15. h5 Bxc1 16. hxg6 16... Bxb2 $2 (16... Bf4 $142 17. Nce5 Be8 18.
gxh7+ Kxh7 19. Bxf5+ 19... Kh8 $18) 17. gxh7+ Kxh7 18. Nxb2 g6 (18... Qf4 $18)
19. Re7+ Kh6 20. Qd2+ f4 21. Rae1 (21. g4 $142 21... Bxg4 22. Rxc7 22... Bxf3
$18) 21... Qd6 22. Nc4 (22. R1e5 Qf6 23. Qb4 Rf7 24. Rxf7 24... Qxf7 $18) 22...
Qf6 23. g3 Bf5 (23... Bg4 24. Nh4 24... Rg8 $18) 24. Qxf4+ g5 25. Qxf5 (25.
Bxf5 Qxe7 26. Rxe7 Rxf5 27. Qxf5 g4 28. Rh7#) 25... Qxf5 26. Bxf5 (26. R1e6+
Kh5 27. Bxf5 Rxf5 28. Rh7+ Kg4 29. Nh2#) 26... Rxf5 27. Kg2 (27. R1e6+ Rf6 28.
Rxf6+ Kh5 29. Rh7+ Kg4 30. Nfe5#) 27... a5 (27... Nd7 28. Rxd7 28... Raf8 $18)
28. Rh1+ (28. Rh1+ Kg6 29. Reh7 Rxf3 30. Kxf3 Ra7 31. R1h6+ Kf5 32. Nd6#) (28.
R1e6+ Rf6 29. Rxf6+ Kh5 30. Rh7+ Kg4 31. Nfe5#) 1-0

[Event "Bad Woerishofen op"]
[Site "Bad Woerishofen"]
[Date "2001.??.??"]
[Round "6"]
[White "Kayser, Wilhelm"]
[Black "Schaffarth, Marianne"]
[Result "1/2-1/2"]
[WhiteElo "1469"]
[BlackElo "1789"]
[Annotator "ChessOrg"]
[PlyCount "44"]
[EventDate "1998.03.05"]
[Source "ChessBase"]
[SourceDate "1998.04.29"]

1. e4 {B01: Skandinavische Verteidigung} 1... d5 2. exd5 Nf6 3. Nf3 Nxd5 4. d4
Bg4 5. Be2 Nc6 6. O-O e6 7. c4 Nb6 8. b3 {letzter Buchzug} 8... Bxf3 (8... Qd7
9. Bb2 $15) 9. Bxf3 Nxd4 10. Bxb7 Rb8 11. Bb2 c5 12. Be4 Be7 13. Qd3 f5 14. Bf3
Nxf3+ (14... Bf6 $5 15. Bc3 e5 16. Bh5+ 16... g6 $11) 15. Qxf3 $14 15... O-O
16. Na3 a6 (16... Bf6 17. Rad1 Qe7 18. Bxf6 Qxf6 19. Nb5 $14) 17. Rfe1 (17. Be5
Bd6 18. Rad1 Bxe5 19. Rxd8 19... Rfxd8 $18) 17... Bf6 18. Rad1 Qc7 19. Bxf6
Rxf6 20. Rd2 e5 21. Qg3 Re8 22. Nb1 Rg6 1/2-1/2

[Event "Bad Woerishofen op"]
[Site "Bad Woerishofen"]
[Date "2001.??.??"]
[Round "9"]
[White "Kayser, Wilhelm"]
[Black "Fabian, Laszlo"]
[Result "1-0"]
[WhiteElo "1469"]
[BlackElo "1800"]
[Annotator "ChessOrg"]
[PlyCount "97"]
[EventDate "1998.03.05"]
[Source "ChessBase"]
[SourceDate "1998.04.29"]

1. e4 {C45: Schottische Partie} 1... e5 2. Nf3 Nc6 3. d4 exd4 4. Nxd4 Bc5 5.
Nxc6 bxc6 6. Bc4 {letzter Buchzug} 6... Qf6 7. O-O d6 8. Nd2 Ne7 9. Qf3 Qg6 10.
Nb3 Bb6 11. Be3 O-O 12. Bd3 Bg4 13. Qg3 Qe6 (13... f5 14. Bc4+ Kh8 15. h3 $11)
14. Nd4 $14 14... Bxd4 15. Bxd4 Qg6 16. e5 (16. f4 c5 17. Bc3 Bc8 18. Qxg6
18... Nxg6 $16) 16... Bf5 17. Qxg6 Bxg6 18. Bxg6 Nxg6 (18... fxg6 $143 19. Rfe1
$16) 19. exd6 cxd6 20. b4 (20. Rad1 20... Rfe8 $14) 20... a5 $11 21. bxa5 Rxa5
22. Bb6 Ra6 23. Bc7 d5 24. a4 h6 (24... Rc8 25. Bd6 $11) 25. a5 (25. Rfb1 25...
f6 $16) 25... f6 (25... Rc8 26. Bd6 $11) 26. Rfb1 $14 26... Re8 27. g3 Rea8 28.
f4 Kh7 (28... Nf8 29. Rb7 $14) 29. Kf2 Nf8 30. Rb8 Rxb8 31. Bxb8 Nd7 32. Bc7
Nc5 33. Ke3 h5 34. Bd6 (34. f5 34... g6 $16) 34... Ne4 $14 35. Bb4 c5 36. Be1
f5 37. Rb1 d4+ 38. Kd3 Re6 (38... Kg8 39. Rb6 Ra8 40. a6 $16) 39. Rb6 $18 39...
Nd6 (39... Re7 $18 $142) 40. Bd2 c4+ 41. Kxd4 Re4+ (41... Re2 42. Bb4 (42. Rxd6
$6 42... Rxd2+ 43. Ke5 43... Rxc2 $16) 42... Ne8 43. a6 Rxc2 44. a7 $18) 42.
Kc5 Nc8 (42... Ne8 43. a6 Nf6 44. Rb7 $18) 43. Rb8 Ne7 (43... Re2 44. Bb4 Re8
45. a6 $18) 44. a6 c3 45. Bxc3 Ra4 46. Rb7 (46. Kb5 Ra2 47. Rb7 Nc8 48. Rxg7+
48... Kh6 $18) 46... Nc8 (46... Rxa6 47. Rxe7 Ra2 48. Re2 $18) 47. Rxg7+ Kh6
48. Rc7 Ra3 (48... Rxa6 49. Rxc8 Ra2 50. Kd6 $18) 49. Kb4 (49. Kb4 Rxa6 50.
Rxc8 Rb6+ 51. Kc5 $18) (49. Rc6+ $5 49... Kh7 50. Bb4 Ra2 51. Rc7+ 51... Kh6
$18) 1-0

[Event "Bad Woerishofen op"]
[Site "Bad Woerishofen"]
[Date "2001.??.??"]
[Round "2"]
[White "Kekelidse, Mikheil"]
[Black "Becker, Thomas"]
[Result "1-0"]
[WhiteElo "2512"]
[BlackElo "2178"]
[Annotator "ChessOrg"]
[PlyCount "55"]
[EventDate "1998.03.05"]
[Source "ChessBase"]
[SourceDate "1998.04.29"]

1. d4 {B40: Sizilianisch (Klassisches System mit e7-e6))} 1... e6 2. Nf3 c5 3.
e4 cxd4 4. Nxd4 Bc5 5. Nb3 Be7 6. Nc3 {letzter Buchzug} 6... d6 7. Be3 Nf6 8.
Qe2 a6 9. O-O-O Qc7 10. g4 b5 11. Bg2 Bb7 12. f4 (12. g5 12... Nfd7 $11) 12...
O-O (12... b4 13. Na4 Bxe4 14. Bxe4 14... Nxe4 $11) 13. g5 (13. e5 Ne8 14. Na5
Bc6 15. Nxc6 15... Nxc6 $11) 13... Nfd7 $11 14. Qf2 Nc6 15. Kb1 Rfd8 (15...
Rac8 16. h3 $11) 16. h4 Na5 17. Nxa5 Qxa5 18. e5 Bxg2 19. Qxg2 d5 (19... dxe5
$2 20. Rxd7 b4 21. Ne4 (21. Rxe7 $6 21... bxc3 22. g6 22... hxg6 $16) 21...
Rxd7 22. Nf6+ Bxf6 23. gxf6 $18) 20. h5 Rac8 21. g6 fxg6 (21... b4 $5 22. gxh7+
22... Kxh7 $16) 22. hxg6 $18 22... h6 23. Nxd5 $1 23... exd5 $4 (23... Re8 $18
$142) 24. Qxd5+ Kh8 25. Rxh6+ $3 25... gxh6 26. Qf7 Nf8 (26... Qxa2+ 27. Kxa2
Nf6 28. exf6 Rxd1 29. Qg7#) 27. g7+ Kh7 28. g8=R# (28. gxf8=Q#) 1-0

[Event "Bad Woerishofen op"]
[Site "Bad Woerishofen"]
[Date "2001.??.??"]
[Round "4"]
[White "Kekelidse, Mikheil"]
[Black "Schuette, Manfred"]
[Result "1-0"]
[WhiteElo "2512"]
[BlackElo "2283"]
[Annotator "ChessOrg"]
[PlyCount "41"]
[EventDate "1998.03.05"]
[Source "ChessBase"]
[SourceDate "1998.04.29"]

1. d4 {E97: Koenigsindisch (Klassisches System)} 1... Nf6 2. Nf3 g6 3. c4 Bg7
4. Nc3 O-O 5. e4 d6 6. Be2 e5 7. O-O Nc6 8. d5 Ne7 9. b4 Nh5 10. Qc2 {
letzter Buchzug} 10... Nf4 11. Bxf4 exf4 12. Rad1 h6 13. Rfe1 Bg4 14. c5 (14.
Nd4 14... Bd7 $11) 14... Bxf3 (14... a5 15. cxd6 cxd6 16. b5 $11) 15. Bxf3 (15.
gxf3 $143 15... a5 $15) 15... Be5 16. Nb5 g5 (16... a5 17. Rb1 $11) 17. Bh5 a6
18. Nd4 Kh7 (18... a5 $5 19. b5 dxc5 20. Qxc5 20... Re8 $14) 19. Nf3 Ng8 20.
Nxe5 dxe5 21. Bg4 (21. Bg4 Kh8 22. Qc3 $18) 1-0

[Event "Bad Woerishofen op"]
[Site "Bad Woerishofen"]
[Date "2001.??.??"]
[Round "6"]
[White "Kekelidse, Mikheil"]
[Black "Werner, Clemens"]
[Result "1-0"]
[WhiteElo "2512"]
[BlackElo "2347"]
[Annotator "ChessOrg"]
[PlyCount "78"]
[EventDate "1998.03.05"]
[Source "ChessBase"]
[SourceDate "1998.04.29"]

1. d4 {D63: Damengambit (Hauptvariante mit 7.Tc1)} 1... Nf6 2. Nf3 d5 3. c4 e6
4. Nc3 Be7 5. Bg5 Nbd7 6. e3 O-O 7. Rc1 a6 8. cxd5 exd5 9. Bd3 Re8 10. O-O c6
11. h3 Nf8 12. Ne5 N6d7 13. Bxe7 {letzter Buchzug} 13... Qxe7 14. f4 f6 15. Ng4
b6 16. Rf3 Bb7 17. f5 c5 18. Ne2 Rac8 19. a3 Qd6 20. Nf4 Re7 21. Qd2 Nb8 22.
Qf2 c4 23. Bb1 c3 (23... Nbd7 $5 $11 $142) 24. Rxc3 (24. bxc3 $143 24... Qxa3
25. Qd2 25... b5 $15) 24... Rxc3 25. bxc3 Nbd7 (25... Kh8 26. Qb2 $14) 26. Qb2
b5 27. Qb4 Qxb4 28. axb4 Nb6 29. Ba2 Kf7 30. Rf1 Ke8 31. Kf2 Kd7 32. Nd3 Na4
33. Nc5+ Nxc5 (33... Kd6 $5 $14) 34. dxc5 $16 (34. bxc5 $6 34... h5 35. Nh2
35... Kc6 $14) 34... Kc7 35. Rd1 h5 36. Nh2 Re5 (36... a5 37. Nf3 $18) 37. Nf3
Rxf5 38. Bb1 Rxf3+ 39. gxf3 (39. Kxf3 $6 39... d4+ 40. Be4 dxc3 41. Bxb7 41...
Kxb7 $18) 39... a5 1-0